Normal view MARC view
  • Supervised by Asst Prof aamir Masood Khan

Entry Personal Name

Number of records used in: 2

001 - CONTROL NUMBER

  • control field: 131839

003 - CONTROL NUMBER IDENTIFIER

  • control field: NUST

005 - DATE AND TIME OF LATEST TRANSACTION

  • control field: 20251112144959.0

008 - FIXED-LENGTH DATA ELEMENTS

  • fixed length control field: 251112|| aca||aabn | a|a d

040 ## - CATALOGING SOURCE

  • Original cataloging agency: NUST
  • Transcribing agency: NUST

100 ## - HEADING--PERSONAL NAME

  • Personal name: Supervised by Asst Prof aamir Masood Khan

670 ## - SOURCE DATA FOUND

  • Source citation: Work cat.: (NUST)181849: Hanif, NC Saminah (TCC-11) 131838, Development of an automatic speaker recognition system using neural networks /, April 2003
© 2023 Central Library, National University of Sciences and Technology. All Rights Reserved.